Návrh systémových opatrení pre aplikáciu princípov časového manažmentu riadiacich zamestnancov v spoločnosti PROTHERM PRODUCTION s.r.o.

Na minha lista:
Detalhes bibliográficos
Autor principal: Pavelková, Diana (Author)
Outros Autores: Szabó, Peter (Thesis advisor)
Formato: Manuscrito Livro
Idioma:eslovaco
Publicado em: 2022
Assuntos:
Acesso em linha:http://is.stuba.sk/zp/portal_zp.pl?podrobnosti=164241
Tags: Adicionar Tag
Sem tags, seja o primeiro a adicionar uma tag!

MARC

LEADER 00000ntm a22000003a 4500
001 stuzp89204
003 SK-STU
005 20220611211931.4
007 ta
008 150427s2015----xo-----f-mn---000-0-slo-d
040 |a STU  |b slo 
041 0 |a slo 
100 1 |a Pavelková, Diana  |u 064000  |k Z4  |4 aut  |U MTF Materiálovotechnologická fakulta  |T MTF Ústav priemyselného inžinierstva a manažmentu  |X 91494  |U M4000  |Y 84  |7 91494 
242 0 1 |a Proposal of system measures for the application of managers time management principles in the company PROTHERM PRODUCTION s.r.o.  |y eng 
245 1 0 |a Návrh systémových opatrení pre aplikáciu princípov časového manažmentu riadiacich zamestnancov v spoločnosti PROTHERM PRODUCTION s.r.o. 
260 |c 2022 
650 4 |a priority  |2 slo 
650 4 |a časový manažment  |2 slo 
650 4 |a plánovanie času  |2 slo 
650 4 |a time management  |2 eng 
650 4 |a priority  |2 eng 
650 4 |a time planning  |2 eng 
700 1 |a Szabó, Peter  |u 064000  |k Z1  |4 ths  |U MTF Materiálovotechnologická fakulta  |T MTF Ústav priemyselného inžinierstva a manažmentu  |X 19244  |U M4000  |Y 84  |7 A000019244 
856 4 |u http://is.stuba.sk/zp/portal_zp.pl?podrobnosti=164241 
996 |c M* DP-15000  |l MMSKP  |s P  |a 0  |w stuzp89204_0001